[Event "CZE-ch U10 Girls"]
[Site "Kouty nad Desnou"]
[Date "2017.03.14"]
[Round "5"]
[White "Zelenkova, Alice"]
[Black "Hetfleischova, Elen"]
[Result "0-1"]
[WhiteElo "1100"]
[BlackElo "1100"]
[PlyCount "130"]
[EventDate "2017.03.11"]
[EventType "swiss"]
[EventRounds "9"]
[EventCountry "CZE"]
[SourceTitle "CBM 177 Extra"]
[Source "ChessBase"]
[SourceDate "2017.04.27"]
[SourceVersion "1"]
[SourceVersionDate "2017.04.27"]
[SourceQuality "1"]

1. e4 e5 2. Nf3 Nc6 3. Bc4 Nf6 4. d3 Bc5 5. Be3 d6 6. d4 Bb6 7. 0-0 Bg4 8. h3 Be6 9. d5 Nxe4 10. dxe6 fxe6 11. Nc3 Nf6 12. Bxe6 Qe7 13. Ng5 Kd8 14. Nf7+ Ke8 15. Nxh8 Qxe6 16. Nb5 Rc8 17. Bxb6 axb6 18. f4 Nd5 19. Qh5+ Kd7 20. Qxh7 exf4 21. Qxg7+ Nde7 22. Rxf4 Rg8 23. Qh7 Qe5 24. Rf7 Rxh8 25. Qd3 Nb4 26. Qc4 Nbc6 27. Raf1 d5 28. Qg4+ Qe6 29. Qg7 Rg8 30. Qh7 Qe3+ 31. R1f2 Re8 32. Kf1 Qc1+ 33. Ke2 Qxb2 34. Rf8 Qxb5+ 35. Qd3 Qc5 36. h4 Nf5+ 37. Rxe8 Nfd4+ 38. Ke3 Kxe8 39. c3 Nf5+ 40. Kd2 Qxf2+ 41. Qe2+ Qxe2+ 42. Kxe2 Nxh4 43. g3 Ng6 44. g4 Kf7 45. Kf3 Nce5+ 46. Kg3 c5 47. g5 b5 48. Kf2 Ke6 49. Ke1 Kf5 50. Kd2 Ke4 51. a3 Nc4+ 52. Kc2 Nxa3+ 53. Kb2 Nc4+ 54. Kc2 b4 55. cxb4 cxb4 56. Kc1 d4 57. Kc2 d3+ 58. Kc1 d2+ 59. Kc2 b3+ 60. Kd1 b2 61. Kc2 b1Q+ 62. Kxb1 d1Q+ 63. Ka2 Qa4+ 64. Kb1 Kd3 65. Kc1 Qc2# 0-1